Countries Hidden in Other Country Names - Statistics

General Stats
  • This quiz has been taken 66 times
  • The average score is 8 of 8
Answer Stats
Found In Hidden Country % Correct
Somalia Mali
100%
Nigeria Niger
100%
South Sudan Sudan
100%
Dominican Republic Dominica
98%
Romania Oman
98%
Guinea-Bissau Guinea
97%
Equatorial Guinea Guinea
97%
Papua New Guinea Guinea
97%
No matching quizzes found
Score Distribution
Percent of People with Each Score
Percentile by Number Answered
Your Score History
You have not taken this quiz